Movies Quiz

Random Movies or Actress Quiz

Movie Cast Match (1983) Quiz Stats

 Plays Quiz Updated Aug 16, 2017

Challenge
Share
Tweet
Embed
Score 0/40 Timer 08:00
2 Plays Today
% Correct
Star Wars: Episode VI - Return of the Jedi
90.4%
Superman III
88.3%
Risky Business
83.1%
Trading Places
82.2%
Vacation
80.7%
Scarface
80.3%
Terms of Endearment
79.4%
Yentl
79.1%
Flashdance
78.3%
Staying Alive
77.7%
Octopussy
75.1%
WarGames
73.4%
Mr. Mom
73%
The Meaning of Life
72.1%
The Man with Two Brains
71%
Still Smokin
70.7%
Silkwood
68%
The Outsiders
65.5%
The Right Stuff
65.2%
Psycho II
65%
% Correct
Never Say Never Again
64.6%
The Big Chill
61.5%
A Christmas Story
59.9%
Educating Rita
59.9%
Sudden Impact
59.5%
All the Right Moves
59%
The Adventures of Bob & Doug McKenzie: Strange Brew
57.4%
Lone Wolf McQuade
52.4%
Doctor Detroit
50.8%
The Dead Zone
48.8%
Easy Money
48.3%
Rumble Fish
46.4%
Valley Girl
46.3%
To Be or Not to Be
46.1%
D.C. Cab
45%
Breathless
44.5%
Zelig
43.9%
Cujo
43.5%
Class
43.3%
Bad Boys
42.8%

You're not logged in!

Compare scores with friends on all Sporcle quizzes.
OR
Log In

You Might Also Like...

Show Comments

Extras

Top Quizzes Today


Score Distribution

Your Account Isn't Verified!

In order to create a playlist on Sporcle, you need to verify the email address you used during registration. Go to your Sporcle Settings to finish the process.

Report this User

Report this user for behavior that violates our Community Guidelines.

Details: